| 000 | 00706nam a2200217Ia 4500 | ||
|---|---|---|---|
| 008 | 191130s2009##################000#0#eng## | ||
| 020 | _a9780073378831 | ||
| 022 | _a2007051525 | ||
| 040 |
_aACL _cACL |
||
| 082 | _a302.23 DOM | ||
| 100 | _aDominick, Joseph R | ||
| 245 |
_aDynamics of mass communication : media in the digital age _cJoseph R. Dominick |
||
| 250 | _a10th ed | ||
| 260 |
_aBoston _bMcGraw-Hill Higher Education _c2009 |
||
| 300 | _axxv, 457, [16] p. : ill. (chiefly col.) ; 28 cm. + 1 DVD-ROM (4 3/4 in.) () | ||
| 500 | _aIncludes bibliographical references and index | ||
| 650 | _aMass media | ||
| 990 | _add34c912ac10000c58404fe61df6eb6f | ||
| 991 | _a10466 | ||
| 999 |
_c154599 _d154599 |
||